00511nas a22001697a 4500008004100000022001400041245003200055260010600087300000900193310001400202546001400216590002600230590003800256650002000294942001200314999001500326130327t20109999ag ||||| |||| 00| 0 spa d a1853-1563 aRevista Pediatrica Elizalde aBuenos Aires,bAsociación de Profesionales del Hospital General de Niños Pedro de Elizalde:c2010 av. : asemestral aespañol aIndizada en: Latindex aExistencias: 2010 1(2); 2012 3(1) aPEDIATRIA91741 2ddccCR c1293d1293